Bilecik Bilecik Bilecik Bilecik Bilecik

Yapay zeka & insan : (Record no. 43829)

MARC details
000 -BAŞLIK
Sabit Uzunluktaki Kontrol Alanı 01435nam a22003617a 4500
001 - KONTROL NUMARASI
Control Dosyası 0044025
003 - KONTROL NUMARASI KİMLİĞİ
Kontrol Alanı KOHA_MİRAKIL
005 - EN SON İŞLEM TARİHİ ve ZAMANI
Kontrol Alanı 20260207003411.0
007 - FİZİKSEL TANIM SABİT ALAN - GENEL BİLGİ
Sabit uzunluklu kontrol alanı ta
008 - SABİT UZUNLUKTAKİ VERİ ÖGELERİ - GENEL BİLGİ
Sabit Alan 130730b2012 tu |||gr||||#||||0|tur |
020 ## - ISBN - ULUSLARARASI STANDART KİTAP NUMARASI
Isbn 97897560220340
040 ## - KATALOGLAMA KAYNAĞI
Özgün Kataloglama Kurumu TR-BiSEU
Kataloglama Dili tur
Çeviri Kurumu TR-BiSEU
Açıklama Kuralları rda
041 0# - DİL KODU
Metin ya da ses kaydının dil kodu tur
044 ## - YAYINLAYAN/ÜRETEN KURULUŞUN ÜLKE KODU
ISO country code tu
050 ## - SINIFLAMA ve YER NUMARASI
Sınıflama Numarası Q335
Yer Numarası .N33 2012
100 1# - KİŞİ ADI
Yazar Adı (Kişi adı) Nabiyev, Vasif V..
245 1# - ESER ADI BİLDİRİMİ
Başlık Yapay zeka & insan :
Alt Eseradı vb. bilgisayar etkileşimi/
Sorumluluk Bildirimi Vasif V. Nabiyev ; Vasif V. Nabiyev .
250 ## - BASIM BİLDİRİMİ
Basım Bildirimi 4. Baskı
264 #1 - ÜRERİM, YAYIN, DAĞITIM ve TELİF BİLDİRİMİ
Yayın yeri Ankara :
Yayınlayan Seçkin Yayınevi
Yayın tarihi 2012
300 ## - FİZİKSEL TANIMLAMA
Sayfa, Cilt vb. 776: resimli,grfk.; 24 cm.
336 ## - İÇERİK TÜRÜ
Content type term metin
Content type code txt
Source rdacontent
337 ## - MEDYA TÜRÜ
Media type term aracısız
Media type code n
Source rdamedia
338 ## - TAŞIYICI TÜRÜ
Carrier type term cilt
Carrier type code nc
Source rdacarrier
490 1# - DİZİ BİLDİRİMİ
Dizi Bildirimi Seçkin/Teknik No ;
Cilt Numarası 145
500 ## - GENEL NOT
Genel Not Dizin var.
500 ## - GENEL NOT
Genel Not Kaynakça var.
505 ## - İÇİNDEKİLER NOTU
İçindekiler Notu - Doğal ve Yapay Zeka
650 #0 - KONU BAŞLIĞI EK GİRİŞ - KONU TERİMİ
Konusal terim veya coğrafi ad Yapay zeka.
9 (RLIN) 2942
650 #0 - KONU BAŞLIĞI EK GİRİŞ - KONU TERİMİ
Konusal terim veya coğrafi ad Belirtisiz mantık.
9 (RLIN) 49663
650 #0 - KONU BAŞLIĞI EK GİRİŞ - KONU TERİMİ
Konusal terim veya coğrafi ad Yapay sinir ağları (Bilgisayar bilimi).
9 (RLIN) 5616
830 1# - SERİ EK GİRİŞİ - TEKBİÇİM ESER ADI
Tekbiçim Başlık Seçkin/Teknik No ;
Volume number/sequential designation 145
9 (RLIN) 82065
942 ## - EK GİRİŞ ÖGELERİ (KOHA)
Source of classification or shelving scheme Library of Congress Classification
Koha item type Book
505 ## - İÇİNDEKİLER NOTU
-- - Sezgisel Problem Çözümleme
-- - Oyunlar
-- - Uygulama Problemleri
-- - Bilgilerin Modellenmesi
-- - Yüklem Mantığı
-- - Mantıksal Programlama
-- - Uzman Sistemler
-- - Doğal Dil İşleme
-- - Bilgisayarlı Örüntü Tanıma
-- - Öğrenme
-- - Yapay Sinir Ağları
-- - Genetik Algoritmalar ve Karınca Kolonisi Sistemi
-- - Bulanık Mantık
-- - Ses İşleme
-- - Robotbilim
Holdings
Materyal Türü Kalıcı Konum Mevcut Konum Raf Yeri Sınıflandırma Kaynağı Edinim Bilgisi Ana Konular Alt Konular Yer Numarası Demirbaş Numarası Fatura Tarihi Maliyet, Alış Fiyatı Maliyet, Yenileme Fiyatı Geri Çekilme Durumu Kayıp Durumu Hasarlı Durumu Kredi için değil Kayıt Tarih Toplam Ödünçverme Son Görülme Tarihi Son Kontrol Tarihi Satın Alma Notu
Book Prof. Dr. Azmi Özcan Kütüphanesi Prof. Dr. Azmi Özcan Kütüphanesi Birûni Salonu Library of Congress Classification Satın BİLİM Bilim (Genel) Q335 .N33 2012 0044025 24/09/2013 27.23 27.23         30/07/2013 17 05/12/2024 05/12/2024 73291-73383 (92 sayfa)